Cyclisme : Vainqueurs de la Fleche Wallonne - Statistiques

Statistiques générales
  • Ce quiz a été pris 25 fois
  • Le résultat moyen est 16 sur 89
Statistiques - réponses
Année Vainqueur % Correct
2025 Tadej Pogačar
95%
2023 Tadej Pogačar
95%
2017 Alejandro Valverde
81%
2016 Alejandro Valverde
81%
2015 Alejandro Valverde
81%
2014 Alejandro Valverde
81%
2006 Alejandro Valverde
81%
2021 Julian Alaphilippe
81%
2019 Julian Alaphilippe
81%
2018 Julian Alaphilippe
81%
2020 Marc Hirschi
43%
1972 Eddy Merckx
38%
1970 Eddy Merckx
38%
1967 Eddy Merckx
38%
2011 Philippe Gilbert
38%
2010 Cadel Evans
33%
2024 Stephen Williams
33%
1983 Bernard Hinault
29%
1979 Bernard Hinault
29%
2012 Joaquim Rodríguez
29%
1997 Laurent Jalabert
29%
1995 Laurent Jalabert
29%
2022 Dylan Teuns
24%
2005 Danilo Di Luca
19%
1999 Michele Bartoli
19%
1963 Raymond Poulidor
19%
1971 Roger De Vlaeminck
19%
1989 Claude Criquielion
14%
1985 Claude Criquielion
14%
2009 Davide Rebellin
14%
2007 Davide Rebellin
14%
2004 Davide Rebellin
14%
1950 Fausto Coppi
14%
1996 Lance Armstrong
14%
1986 Laurent Fignon
14%
1968 Rik Van Looy
14%
1958 Rik Van Steenbergen
14%
1949 Rik Van Steenbergen
14%
1994 Moreno Argentin
10%
1991 Moreno Argentin
10%
1990 Moreno Argentin
10%
2013 Daniel Moreno
5%
1952 Ferdi Kübler
5%
1951 Ferdi Kübler
5%
1977 Francesco Moser
5%
1954 Germain Derycke
5%
1992 Giorgio Furlan
5%
1980 Giuseppe Saronni
5%
1962 Henri De Wolf
5%
2003 Igor Astarloa
5%
1976 Joop Zoetemelk
5%
2008 Kim Kirchen
5%
2002 Mario Aerts
5%
1993 Maurizio Fondriest
5%
1957 Raymond Impanis
5%
2001 Rik Verbrugghe
5%
1955 Stan Ockers
5%
1953 Stan Ockers
5%
1961 Willy Vannitsen
5%
1937 Adolf Braeckeveldt
0%
1975 André Dierickx
0%
1973 André Dierickx
0%
1998 Bo Hamburger
0%
1981 Daniel Willems
0%
1946 Désiré Keteleer
0%
1939 Edmond Delathouwer
0%
1938 Émile Masson
0%
1947 Ernest Sterckx
0%
1948 Fermo Camellini
0%
2000 Francesco Casagrande
0%
1974 Frans Verbeeck
0%
1964 Gilbert Desmet
0%
1987 Jean-Claude Leclercq
0%
1959 Jos Hoevenaars
0%
1969 Jos Huysmans
0%
1942 Karel Thijs
0%
1984 Kim Andersen
0%
1945 Marcel Kint
0%
1944 Marcel Kint
0%
1943 Marcel Kint
0%
1982 Mario Beccia
0%
1966 Michele Dancelli
0%
1978 Michel Laurent
0%
1936 Philémon De Meersman
0%
1960 Pino Cerami
0%
1956 Richard Van Genechten
0%
1965 Roberto Poggiali
0%
1988 Rolf Gölz
0%
1941 Sylvain Grysolle
0%
Aucun quiz correspondant
Distribution des résultats
% des personnes avec chaque résultat
Percentile par nombre de réponses
Votre historique - résultats
Vous n’avez pas pris ce quiz